Nuevo orden mundial : (Record no. 44151)

MARC details
000 -LEADER
campo de control de longitud fija 00551nam a2200181 4500
001 - NÚMERO DE CONTROL
campo de control 5601
005 - FECHA Y HORA DE LA ÚLTIMA TRANSACCIÓN
campo de control 20230410115603.0
008 - DATOS DE LONGITUD FIJA--INFORMACIÓN GENERAL
campo de control de longitud fija 060907n1994 dr spa
020 ## - NÚMERO INTERNACIONAL ESTÁNDAR DEL LIBRO
Número Internacional Estándar del Libro 9683639275
035 ## - NÚMERO DE CONTROL DEL SISTEMA
-- funglode5649
041 ## - CÓDIGO DE IDIOMA
Código de lengua del texto/banda sonora o título independiente ES
050 14 - SIGNATURA TOPOGRÁFICA DE LA BIBLIOTECA DEL CONGRESO
Número de clasificación HF 1480.5 N964 1994
245 0# - MENCIÓN DEL TÍTULO
Título Nuevo orden mundial :
Resto del título reto para la inserción de América Latina /
Mención de responsabilidad, etc. Alfredo Guerra Borges, coordinador
260 ## - PUBLICACIÓN, DISTRIBUCIÓN, ETC.
Lugar de publicación, distribución, etc. Mexico :
Nombre del editor, distribuidor, etc. Instituto de Investigaciones Económicas,
Fecha de publicación, distribución, etc. 1994
300 ## - DESCRIPCIÓN FÍSICA
Extensión 219 p.
700 ## - ENTRADA AGREGADA--NOMBRE PERSONAL
Nombre de persona Guerra-Borges, Alfredo
942 ## - ELEMENTOS DE ENTRADA SECUNDARIOS (KOHA)
Fuente del sistema de clasificación o colocación Clasificación de Library of Congress
Tipo de ítem Koha
Holdings
Estatus retirado Estado de pérdida Fuente del sistema de clasificación o colocación Estado de daño No para préstamo Colección Biblioteca de origen Biblioteca actual Ubicación en estantería Fecha de adquisición Serial enumeration / chronology Signatura topográfica completa Código de barras Visto por última vez Tipo de ítem Koha
    Clasificación de Library of Congress     Ciencias Sociales Biblioteca Juan Bosch Biblioteca Juan Bosch Ciencias Sociales (3er. Piso) 24/10/2018 1 HF 1480.5 N964 1994 00000003734 24/10/2018